| 000 | 00545nam a22001457a 4500 | ||
|---|---|---|---|
| 999 |
_c509628 _d509628 |
||
| 082 | _aAPPPA 2018-19\GOS | ||
| 100 |
_aGoswami, Bhaskar _95710 |
||
| 245 |
_aTaxpayer services : _bNew horizons for income tax payers _cby Bhaskar Goswami |
||
| 260 |
_aNew Delhi _bIndian Institute of Public Administration _c2019 |
||
| 300 | _a106p. | ||
| 500 | _aAPPPA Dissertation, 2018-19 (Guide : Prof Ashok Vishandass) | ||
| 650 |
_aIncome tax -- Law and legislation -- India. _96372 |
||
| 650 |
_aTaxation -- India _96373 |
||
| 650 |
_aIncome tax -- India. _96374 |
||